MESTSKÁ KNIŽNICA GIRALTOVCE  - online katalóg 

Svidník (Record no. 15297)

000 -NÁVESTIE
fixed length control field 00732nam a2200229 a 4500
008 - ÚDAJE S PEVNOU DĹŽKOU – VŠEOBECNÉ INFORMÁCIE
fixed length control field 960412s1996 m yxo r 0 slo c
020 ## - MEDZINÁRODNÉ ŠTANDARDNÉ ČÍSLO KNIHY (ISBN)
Medzinárodné štandardné číslo knihy (ISBN) 8085575132
Údaje o dostupnosti 10
040 ## - ZDROJ KATALOGIZÁCIE
Pôvodná katalogizujúca agentúra SNK
Jazyk katalogizácie slo
Prepisujúca agentúra SNK
Konvencie popisu AACR2
041 1# - KÓD JAZYKA
Kód jazyka textu/zvukovej stopy alebo samostatných nápisov slo
044 ## - KÓD KRAJINY VYDAVATEĽA/PRODUCENTA
Kód krajiny MARC xo
Kód krajiny ISO SK
080 ## - ČÍSLO MEDZINÁRODNÉHO DESATINNÉHO TRIEDENIA (MDT)
Číslo Medzinárodného desatinného triedenia (MDT) 908.437.683-21(084.12)
080 ## - ČÍSLO MEDZINÁRODNÉHO DESATINNÉHO TRIEDENIA (MDT)
Číslo Medzinárodného desatinného triedenia (MDT) 779(437.683-21)
100 1# - OSOBNÉ MENÁ – VŠEOBECNÉ INFORMÁCIE
Osobné meno Gojdič, Pavel
Kód roly aut
245 10 - NÁZOV
Názov Svidník
Údaj o zodpovednosti atď. text: Pavel Gojdič ; fotografie a grafická úprava: Dionýz Dugas
260 ## - VYDAVATEĽSKÉ ÚDAJE, DISTRIBÚCIA ATĎ.
Miesto publikovania, distribúcie atď. Prešov
Názov vydavateľa, distibútora atď. DINO
Miesto publikovania, distribúcie atď. Svidník
Názov vydavateľa, distibútora atď. Mestský úrad [vyd.]
Dátum publikovania, distribúcie atď. 1996
300 ## - FYZICKÝ POPIS
Rozsah 62 s.
Rozmery 21 cm
500 ## - VŠEOBECNÁ POZNÁMKA
Formátovaná poznámka o obsahu Súbež. text angl., nem., rus. a poľ.
500 ## - VŠEOBECNÁ POZNÁMKA
Formátovaná poznámka o obsahu Rozlož. fotogr. na tit. strane
651 07 - PRIDANÝ VSTUP – PREDMET – GEOGRAFICKÝ NÁZOV
Geografický názov Svidník (Slovensko)
Všeobecný pododdiel fotografie
Zdroj hesla alebo termínu SNK
700 1# - PRIDANÝ VSTUP – OSOBNÉ MENO
Osobné meno Dugas, Dionýz
Kód roly pht
958 ## - Formálny deskriptor
Formálny deskriptor AOP
Holdings
Stav stiahnutia (Blokovanie) (Withrawn status) Stav straty Zdroj klasifikácie pre skladovanie Stav poškodenia (Damaged status) Nie pre výpožičky (Not for loan) Spôsob nadobudnutia (Collection code) Trvalé umiestnenie Aktuálne umiestnenie Dátum nadobudnutia Náklady, bežná kúpna cena Inventárne číslo (prírastkové číslo) Celkom výpožičky Full call number Čiarový kód Dátum posledného výskytu Dátum poslednej výpôžičky Cena s účinnosťou od Typ jednotky Koha
          Kúpa Mestská knižnica Giraltovce Mestská knižnica Giraltovce 2019-11-29 10.00 14331 1 I0369 I0369 2021-04-26 2020-12-15 2019-11-29 Odborná literatúra pre dospelých

Powered by Koha